Power and possession in the Russian revolution / (Record no. 53243)

MARC details
000 -LEADER
fixed length control field 00710nam a2200253Ia 4500
005 - DATE AND TIME OF LATEST TRANSACTION
control field 20260429112254.0
008 - FIXED-LENGTH DATA ELEMENTS--GENERAL INFORMATION
fixed length control field 260429s9999||||xx |||||||||||||| ||und||
020 ## - INTERNATIONAL STANDARD BOOK NUMBER
International Standard Book Number 9780691205540
041 ## - LANGUAGE CODE
Language English
082 ## - DEWEY DECIMAL CLASSIFICATION NUMBER
Classification number 323.4
Item number ODO
100 ## - MAIN ENTRY--PERSONAL NAME
Personal name O'Donnell, Anne
245 #0 - TITLE STATEMENT
Title Power and possession in the Russian revolution /
Statement of responsibility, etc Anne O'Donnell
250 ## - EDITION STATEMENT
Edition statement 1st ed.
260 ## - PUBLICATION, DISTRIBUTION, ETC. (IMPRINT)
Place of publication, distribution, etc Princeton :
Name of publisher, distributor, etc Princeton University Press,
Date of publication, distribution, etc 2024.
300 ## - PHYSICAL DESCRIPTION
Extent xix, 370 p.; hb
440 ## - SERIES STATEMENT/ADDED ENTRY--TITLE
Title Histories of economic life
650 ## - SUBJECT ADDED ENTRY--TOPICAL TERM
Topical term or geographic name as entry element Russian revolution
650 ## - SUBJECT ADDED ENTRY--TOPICAL TERM
Topical term or geographic name as entry element Russia
700 ## - ADDED ENTRY--PERSONAL NAME
Personal name Amrith, Sunil
700 ## - ADDED ENTRY--PERSONAL NAME
Personal name Rothschild, Emma
700 ## - ADDED ENTRY--PERSONAL NAME
Personal name Trivellato, Francesca
700 ## - ADDED ENTRY--PERSONAL NAME
Personal name Adelman, jeremy
942 ## - ADDED ENTRY ELEMENTS (KOHA)
Koha item type Text Books
Holdings
Withdrawn status Lost status Damaged status Not for loan Collection code Home library Location Shelving location Date of Cataloging Source of acquisition Total Checkouts Full call number Barcode Date last seen Price effective from Koha item type
        Non-fiction CUTN Central Library CUTN Central Library Social Sciences 29/04/2026 Segment Book Distributors, New Delhi - Invoice No. 71459 on 09-02-2026   323.4 ODO 58571 29/04/2026 29/04/2026 Text Books